Statistics for World Cup 2014 - Group Stage - All Match Results

Click here to take the quiz!

General Stats

  • This quiz has been taken 65 times
  • The average score is 32 of 48

Answer Stats

GROUP TEAMS TEAMS RESULT % Correct
ABrazil Croatia3–1
100%
BSpain Netherlands1–5
86%
AMexico Cameroon1–0
84%
ABrazil Mexico0–0
84%
DEngland Italy1–2
80%
BSpain Chile0–2
79%
DUruguay England2–1
79%
DCosta Rica England0–0
77%
BAustralia Netherlands2–3
75%
DItaly Costa Rica0–1
75%
BChile Australia3–1
75%
BAustralia Spain0–3
73%
ACameroon Brazil1–4
73%
DItaly Uruguay0–1
73%
CColombia Greece3–0
73%
FArgentina Iran1–0
70%
ACroatia Mexico1–3
70%
CIvory Coast Japan2–1
70%
DUruguay Costa Rica1–3
68%
EFrance Honduras3–0
68%
GGermany Portugal4–0
68%
GGermany Ghana2–2
68%
FArgentina Bosnia and Herzegovina2–1
66%
ACameroon Croatia0–4
66%
GUnited States Germany0–1
64%
CColombia Ivory Coast2–1
64%
BNetherlands Chile2–0
64%
FIran Nigeria0–0
63%
CGreece Ivory Coast2–1
63%
GGhana United States1–2
63%
ESwitzerland France2–5
63%
ESwitzerland Ecuador2–1
61%
GUnited States Portugal2–2
61%
GPortugal Ghana2–1
59%
CJapan Colombia1–4
59%
EHonduras Ecuador1–2
57%
EHonduras Switzerland0–3
57%
EEcuador France0–0
57%
CJapan Greece0–0
57%
FNigeria Argentina2–3
57%
HBelgium Russia1–0
55%
HBelgium Algeria2–1
55%
HRussia South Korea1–1
54%
FNigeria Bosnia and Herzegovina1–0
52%
FBosnia and Herzegovina Iran3–1
52%
HSouth Korea Belgium0–1
45%
HSouth Korea Algeria2–4
45%
HAlgeria Russia1–1
43%

Score Distribution

Percentile by Number Answered

Percent of People with Each Score

Your Score History

You have not taken this quiz